000 00588nam a22001937a 4500
003 NUST - PNEC
005 20170116180756.0
008 150406b xxu||||| |||| 00| 0 eng d
020 _a9698854002
040 _cLIBRARY
082 _a297 HUS
100 _92107
_aHussain Iqbal S.
245 _aThe decline of the muslim ummah : muslim inthe 21st century Sorrows & Sufferings
_cIqbal S. Hussain
250 _a-
260 _aLahore, London
_bHumanity Internation Publishers and Promoters
_cc2004.
300 _a467 p. :
650 _92108
_aUmmah ( Islam )
_xGeneral
942 _2ddc
_cBK
999 _c62757
_d62757